00250nam a2200085Ia 4500008004100000082001600041100001800057245006800075300002100143230907s9999||||xx |||||||||||||| ||und|| a333.793,VEP aVepa, Ranjan, 0aDynamic modeling, simulation and control of energy generation / axvi, 373 pages :